000 00532nam a2200217Ia 4500
003 OSt
005 20220924133619.0
006 a|||||r|||| 00| 0
007 ta
008 220923b |||||||| |||| 00| 0 snd d
024 _a267484
037 _cTextual
040 _aARTS
_cARTS
_bsnd
041 _2snd
_asnd
082 _aO156,3NAb,GB, 1593M3
245 0 _aGul banji acajai
260 _c1983
650 _aENGLISH LITERATURE
942 _hO156,3NAb,GB, 1593M3
_cTEXL
_2CC
999 _c434448
_d434448